书目信息 |
| 题名: |
建筑创作构思解析
|
|
| 作者: | 邓凌云 , 谭岚 , 戴志中 编著 | |
| 分册: | ||
| 出版信息: | 北京 中国计划出版社 2006.04 |
|
| 页数: | 227页 | |
| 开本: | 24cm | |
| 丛书名: | ||
| 单 册: | ||
| 中图分类: | TU-80 | |
| 科图分类: | ||
| 主题词: | 建筑艺术--jian zhu xue--理论 | |
| 电子资源: | ||
| ISBN: | 7-80177-505-8 | |
| 000 | 01154nam0 2200253 450 | |
| 001 | 012006992000 | |
| 005 | 20091215102128.93 | |
| 010 | @a7-80177-505-8@dCNY34.00 | |
| 100 | @a20060618d2006 km y0chiy0120 ea | |
| 101 | 0 | @achi |
| 102 | @aCN@b110000 | |
| 105 | @aa a 000yy | |
| 200 | 1 | @a建筑创作构思解析@Ajian zhu chuang zuo gou si jie xi@e变异·循环@f戴志中, 邓凌云, 谭岚编著@Fdai zhi zhong,deng ling yun,tan lan bian zhu |
| 210 | @a北京@c中国计划出版社@d2006.04 | |
| 215 | @a227页@c图@d24cm | |
| 320 | @a有书目。 | |
| 330 | @a本套图书共分四册:动态·复合、生态·仿生、变异·循环、符号·象征·隐喻。为了适应建筑创作构思的研究,本册引入了“变异”与“循环”的设计思维。“变异”着重于建筑形态创新设计研究,设计不仅重视建筑形式创作的变异,也需要照顾到周期内其它环节循环再利用的需要与可能;“循环”则着重于建筑废弃后的再利用设计研究,这不仅符合人类社会可持续发展的思想原则,也为建筑提供了新的视野。 | |
| 606 | 0 | @a建筑艺术@Ajian zhu xue@x理论 |
| 690 | @aTU-80@v4 | |
| 701 | 0 | @a邓凌云@Adeng ling yun@4编著 |
| 701 | 0 | @a谭岚@Atan lan@4编著 |
| 701 | 0 | @a戴志中@Adai zhi zhong@4编著 |
| 801 | 0 | @aCN@bQSSK@c20091215 |
| 905 | @a10447@dTU-80@eD1403 | |
| 建筑创作构思解析:变异·循环/戴志中, 邓凌云, 谭岚编著.-北京:中国计划出版社,2006.04 |
| 227页:图;24cm |
| ISBN 7-80177-505-8:CNY34.00 |
| 本套图书共分四册:动态·复合、生态·仿生、变异·循环、符号·象征·隐喻。为了适应建筑创作构思的研究,本册引入了“变异”与“循环”的设计思维。“变异”着重于建筑形态创新设计研究,设计不仅重视建筑形式创作的变异,也需要照顾到周期内其它环节循环再利用的需要与可能;“循环”则着重于建筑废弃后的再利用设计研究,这不仅符合人类社会可持续发展的思想原则,也为建筑提供了新的视野。 |
| ● |
| 相关链接 |
|
|
|
正题名:建筑创作构思解析
索取号:TU-80/D1403
 
预约/预借
| 序号 | 登录号 | 条形码 | 馆藏地/架位号 | 状态 | 备注 |
| 1 | 581281 | 205812815 | 建筑库101/101建筑库 15排4列5层/ [索取号:TU-80/D1403] | 在馆 | |
| 2 | 581282 | 205812824 | 建筑库101/101建筑库 15排4列5层/ [索取号:TU-80/D1403] | 在馆 | |
| 3 | 581283 | 205812833 | 建筑库101/101建筑库 15排4列5层/ [索取号:TU-80/D1403] | 在馆 |